000
00335nam a2200145Ia 4500
008
100122s9999 xx 000 0 und d
082
_b
60804
_a
823.08
100
_a
BLYTON ENID
245
_a
ANYTIME TALES
260
_b
PURNELL BOOKS
_c
1972
300
_a
156
630
_a
ANYTIME TALES
730
_a
ANYTIME TALES
942
_c
BOOK
999
_c
378068
_d
378065